| 000 | 00591nam a22001577a 4500 | ||
|---|---|---|---|
| 003 | OSt | ||
| 005 | 20151130083420.0 | ||
| 008 | 151130b xxu||||| |||| 00| 0 eng d | ||
| 040 | _cRUA | ||
| 082 | _aFIS MEN 1996 B162 Or.1 | ||
| 100 |
_93981 _aMENG, BUNNARITH. |
||
| 245 | _aFishing experiment and limnology in tonle sap lake, siem reap province (ការនេសាទពិសោធន៏និងលីមណូវិទ្យា"បឹងទន្លេសាបខេត្តសៀមរាប") | ||
| 260 |
_aPhnom penh _bRUA _c1996 |
||
| 300 |
_a98p. _bill. _c29cm. |
||
| 942 |
_2ddc _cFIS |
||
| 999 |
_c3703 _d3703 |
||